|
|
|
|
| LEADER |
00000cam a2200000 a 4500 |
| 001 |
vtls001074222 |
| 003 |
SK-MaSNL |
| 005 |
20260301193535.0 |
| 008 |
240226s1993 xo gr 000 p slo |
| 015 |
|
|
|a SNBA1994/02
|
| 020 |
|
|
|a 8090043585
|q (brožované)
|
| 035 |
|
|
|a SNK000017054
|
| 040 |
|
|
|a SNK
|b slo
|c SNK
|e AACR2
|
| 041 |
0 |
|
|a slo
|
| 044 |
|
|
|a xo
|c SK
|
| 072 |
|
7 |
|a 821.162.4-1
|x Slovenská poézia
|2 konspekt
|
| 080 |
|
|
|a 885.4-97
|2 1981
|
| 080 |
|
|
|a 885.4-1
|2 1981
|
| 080 |
|
|
|a 821.162.4-1
|2 2011
|
| 100 |
1 |
|
|a Oravcová, Zlatica,
|d 1932-1991
|4 aut
|9 238577
|
| 245 |
1 |
0 |
|a Verše moje leťte v diaľ
|c Zlatica Oravcová ; [zostavila Oľga Kurucová-Vladárová]
|
| 250 |
|
|
|a 1. vyd.
|
| 260 |
|
|
|a Košice
|b Poema
|c 1993
|e Košice
|f EMILENA
|
| 300 |
|
|
|a 120 strán
|c 21 cm
|
| 500 |
|
|
|a Na titulnej strane uvedené miesto vydania Martin
|
| 655 |
|
7 |
|a slovenská poézia
|2 SNKPH
|9 70444
|
| 700 |
1 |
|
|a Kurucová, Oľga,
|d 1923-2001
|4 com
|9 158559
|
| 919 |
|
|
|a 80-900435-8-5
|
| 954 |
|
|
|a beletria pôvodná (slovenská)
|2 lita
|
| 958 |
|
|
|a LX
|
| 958 |
|
|
|a TL
|
| 958 |
|
|
|a OND
|
| 958 |
|
|
|a EUIPO
|
| 999 |
|
|
|c 877849
|d 879779
|
| 952 |
|
|
|a SNK
|b SNK
|y VYP
|7 0
|p 17A0015826
|o snkSC 85284 D1
|0 0
|1 0
|4 0
|d 1996-10-28
|l 0
|r 2004-12-31 00:00:00
|w 2026-02-24
|
| 952 |
|
|
|a SNK
|b SNK
|y PREZ
|7 0
|p 17A0996918
|o snkSC 85284
|i snkKSP 1555/94
|0 0
|1 0
|4 0
|d 2012-08-15
|f 1
|l 0
|r 2025-08-27 00:00:00
|w 2026-02-24
|